Statistics for Touristic attractions part 2

Click here to take the quiz!

General Stats

  • This quiz has been taken 14 times
  • The average score is 8 of 15

Answer Stats

HintAnswer% Correct
Bourbon streetNew Orleans
100%
Guggenheim museumBilbao
82%
Palm islandsDubai
82%
Topkapi palaceIstanbul
82%
St Basil cathedralMoscow
82%
FernsehturmBerlin
64%
Plaza de MayoBuenos Aires
64%
Kinkaku-JiKyoto
55%
Khan el KhaliliCairo
45%
Millennium parkChicago
36%
PraterVienna
36%
Memorial house of mother TeresaSkopje
27%
Kul Sharif mosqueKazan
18%
The Kasubi tombsKampala
9%
Casa LomaToronto
9%

Score Distribution

Percentile by Number Answered

Percent of People with Each Score

Your Score History

You have not taken this quiz